Elfbar-Sorte, Gras-Sorte oder More-Geschmack? - Statistiken

Allgemein
  • Dieses Quiz wurde 18 mal gespielt
    13 seit der letzten Aktualisierung
  • Das Durchschnittsergebnis liegt bei 7 aus 14
Antwortstatistiken
Frage Antwort % Korrekt
Coconut Melon Elfbar-Sorte
92%
Kiwi Passion Fruit Guava Elfbar-Sorte
92%
Dark Cookie Crumble More-Geschmack
92%
Golden Berry Gras-Sorte
83%
Coconut Milk More-Geschmack
75%
Pornstar Moretini More-Geschmack
58%
Strawberry-Daiquiri More-Geschmack
58%
Lemon Tart Elfbar-Sorte
33%
Sweet Candy Gras-Sorte
33%
Blueberry Cheesecake More-Geschmack
33%
Mad Blue Elfbar-Sorte
17%
Watermelon Candy Gras-Sorte
8%
Cream Caramel Gras-Sorte
8%
Cherry Pie Gras-Sorte
0%
Keine übereinstimmenden Quizze gefunden
Verteilung der Resultate
Anzahl Personen mit jedem Resultat
Perzentil nach korrekt beantworteten Fragen
Ihre Resultats-Entwicklung
Sie haben dieses Quiz seit der letzten Aktualisierung nicht gespielt